000 00690nam a22002057a 4500
005 20180827113240.0
010 _aENG-123771
020 _c175.00
_a9788123763231
035 _aEN-107303
037 _bDBAD/PUB
082 _a921
100 _aMadhavan K
245 _aOn the banks of the tejaswini:
_cby K Madhavan; translated by P Radhika Menon
_bK Madhavan an autobiography /
260 _aNew Delhi
_bNational Book Trust
_c2011
270 _aNehru Bhawan, 5 Industrial Area, Phae-II, Vasant Kunj,
_bNew Delhi
_e110070
300 _axiii,340p.
_c22cm(pbk)
_bill.
500 _aIt includes glossary
700 _aMenon, P Radhika
942 _2ddc
_cEN
_mMAD
_h921
999 _c156369
_d156369